Statistics for The Amazing Devil, The Horror And The Wild - Finish the lyric quiz

Click here to take the quiz!

General Stats

  • This quiz has been taken 46 times
  • The average score is 61 of 71

Answer Stats

LyricsAnswer% Correct
Every __ I hear them howlingnight
100%
"Remember me," I __ask
94%
"Remember me," I __ask
94%
Promised you I'd ___bring
94%
Promised you I'd ___bring
94%
Promised you I'd ___bring
94%
Promised you I'd ___bring
94%
We're drunk but ______drinking
94%
You passed your ______ through my hairfingers
94%
You passed your ______ through my hairfingers
94%
I promise you, they'll ___ of every timesing
94%
"Remember me," I ___sing
94%
I promise you, they'll ___ of every timesing
94%
"Remember me," I ___sing
94%
I promise you, they'll ___ of every timesing
94%
I promise you, they'll ___ of every timesing
94%
They thought us ___blind
91%
We were just ______blinking
91%
They said it all comes ___ to youdown
91%
__ manold
91%
__ manold
91%
_______ meremember
91%
_______ meremember
91%
_______ meremember
91%
_______ meremember
91%
_______ meremember
91%
_______ meremember
91%
___ but sinkingsunk
91%
Witness me old man, I am the ___wild
91%
Witness me old man, I am the ___wild
91%
You were raised by ______ and voiceswolves
91%
You passed your ______ through my hairfingers
89%
You passed your ______ through my hairfingers
89%
Fret not, dear ___, let not them hearheart
89%
Think of all the _____ that Ihorrors
89%
Think of all the _____ that Ihorrors
89%
Think of all the _____ that Ihorrors
89%
Think of all the _____ that Ihorrors
89%
by day, oh Lord, three things I ___pray
89%
Give me back my heart, you _______ thingwingless
89%
In ________, at you and yourswonderment
89%
Forever ____ moreasking
86%
And _____ me childcalled
86%
And _____ me childcalled
86%
And _____ me childcalled
86%
And _____ me childcalled
86%
You're the word that I _____ I don't meanpromise
86%
You are the ___ that's in betweenspace
86%
And I am ___ itselftime
86%
_______ me old man, I am thewitness
86%
Will hear us screaming at the ___cold
83%
All the stones and ___ _ __kings of old
83%
You are the driftwood and the __rift
83%
Deep beneath your __bed
80%
You're the ______ of silent watching stonesdaughter
80%
Bring your ______hunger
80%
_ __ __I am the
80%
I steal the hours and turn the night ___ __into day
80%
Witness me, __ __old man
80%
_______ to the stormwelcome
80%
Could be, ___ be, still am, by God, still amwill
80%
I slow to let you ___play
77%
Welcome to my ____table
77%
That I ___ understandmight
74%
The ________ of all your fearsmutterings
74%
The flutterings of all your ____wings
74%
You watch the stars hurl all their ________fundaments
69%
I am _____thunder
69%
as best I can, how ___ I wasbold
60%
Every page, every ___ and every screenchord
57%
You are the son of every ______-__ __dressing up box
57%

Score Distribution

Percentile by Number Answered

Percent of People with Each Score

Your Score History

You have not taken this quiz